000 00387nam a2200145Ia 4500
008 230917s9999||||xx |||||||||||||| ||und||
040 _e137864
_aMAIN
041 _aEnglish
082 _a359.00954 K529M
100 _aKhurana, Commander Gurpreet
245 0 _aMaritime forces in pursuit of national security
260 _aNew Delhi
_bShipra
_c2008
300 _a142p. p.
942 _cBK
999 _c148429
_d148429